The Urban Environmental Challenge in the 90': The Role of Governmnet, the Market and the Public (Record no. 542824)

000 -LEADER
fixed length control field 00402nam a22001217a 4500
082 ## - DEWEY DECIMAL CLASSIFICATION NUMBER
Classification number 363.7
Author Mark URB
-- D
245 ## - TITLE STATEMENT
Title The Urban Environmental Challenge in the 90': The Role of Governmnet, the Market and the Public
260 ## - PUBLICATION, DISTRIBUTION, ETC.
Place of publication, distribution, etc. America
Name of publisher, distributor, etc. the worl bank
Date of publication, distribution, etc. June 10 and 11 1993
300 ## - PHYSICAL DESCRIPTION
Extent p.61. :
Other physical details ill. ;
Dimensions 24 cm
526 ## - STUDY PROGRAM INFORMATION NOTE
Program name 0
Interest level 0
Reading level 0
Title point value 363_700000000000000_URB
650 ## - SUBJECT ADDED ENTRY--TOPICAL TERM
Topical term or geographic name entry element MCE (D)
9 (RLIN) 38184
942 ## - ADDED ENTRY ELEMENTS (KOHA)
Source of classification or shelving scheme
Koha item type Book
Holdings
Withdrawn status Lost status Source of classification or shelving scheme Damaged status Not for loan Permanent Location Current Location Date acquired Total Checkouts Full call number Barcode Date last seen Price effective from Koha item type
          Military College of Engineering (MCE) Military College of Engineering (MCE) 02/19/2014   363.7 URB MCE-43033 02/19/2014 02/19/2014 Book
© 2023 Central Library, National University of Sciences and Technology. All Rights Reserved.